L'eroe negato

में बचाया:
ग्रंथसूची विवरण
मुख्य लेखक: Gnerre Francesco
स्वरूप: पुस्तक
भाषा:अज्ञात या अवैध भाषा
प्रकाशित: Milano Gammalibri 1981
टैग: टैग जोड़ें
कोई टैग नहीं, इस रिकॉर्ड को टैग करने वाले पहले व्यक्ति बनें!

MARC

LEADER 00000nam a2200000Ia 4500
001 57
003 NUMERAZIONE-ORIGINALE-BRESCIA
005 20260206230747.0
008 260206s9999 xx 000 0 und d
100 |a Gnerre Francesco 
245 0 |a L'eroe negato 
260 |a Milano 
260 |b Gammalibri 
260 |c 1981 
500 |a Il personaggio omosessuale nella narrativa italian 
942 |2 ddc  |c BK  |n 0 
952 |0 0  |1 0  |2 ddc  |4 0  |6 14  |7 0  |9 28243  |a BS  |b BS  |d 2026-02-06  |i 57  |l 0  |o 1-4-*  |r 2026-02-06 22:40:31  |w 2026-02-06  |x [REVISIONARE]  |y BK 
999 |c 23939  |d 23939